| 000 | 00000nam 2200000za 4500 |
| 001 | 9.581676 |
| 003 | CaOODSP |
| 005 | 20210624191634 |
| 007 | cr ||||||||||| |
| 008 | 150406s2000 quc|||||o f|0| 0 fre d |
| 020 | |a0-660-61286-0 |
| 040 | |aCaOODSP|bfre |
| 041 | |aeng |
| 041 | |afre |
| 043 | |an-cn--- |
| 086 | 1 |aS52-2/244-2000-IN |
| 110 | 1 |aCanada.|bTravaux publics et Services gouvernementaux Canada.|bBureau de la traduction. |
| 245 | 10|aLexique des nouvelles technologies de l'information |h[ressource électronique] / |c[par] François Mouzard; publié par la Direction de la terminologie et de la normalisation. |
| 250 | |a3e éd. |
| 260 | |aGatineau : |bTravaux publics et Services gouvernementaux Canada, |cc2000. |
| 300 | |a544 p. |
| 490 | 1 |aBulletin de terminologie ; |vN° 244 |
| 500 | |aPublié antérieurement sous le titre: Lexique de l'informatique. |
| 504 | |aBibliographie. |
| 590 | |a07-48|b2007-11-30 |
| 691 | 07|aTechnologie de l'information|2gcpds |
| 700 | 1 |aMouzard, François. |
| 791 | |tNew information technology glossary |eeng|w(CaOODSP)9.581675 |
| 830 | #0|aBulletin de terminologie ;|vN° 244|w(CaOODSP)9.500140 |
| 856 | 40|ahttp://publications.gc.ca|qPDF|s1.59 Mo|uhttps://publications.gc.ca/collections/collection_2007/pwgsc-tpsgc/S52-2-244-2000.pdf |